| 000 | 00500nam a2200205Ia 4500 | ||
|---|---|---|---|
| 003 | OSt | ||
| 005 | 20251218074910.0 | ||
| 008 | 160316s2000 xxu||||| |||| 00| 0 eng d | ||
| 020 | _a9780712608800 | ||
| 040 | _cNLS | ||
| 082 | _a158.2 CHO | ||
| 100 | _aChopra Deepak | ||
| 245 | _aThe Path to Love : Spiritual Lessons for Creating the Love you Need | ||
| 260 |
_aLondon : _bRider ; _c2000 |
||
| 300 |
_a338p _cvii |
||
| 365 | _bRs. 376 | ||
| 650 | _aLove | ||
| 700 |
_a _a |
||
| 942 |
_2ddc _cBK |
||
| 999 |
_c25923 _d25923 |
||